[Event "World Blitz 2025"]
[Site "Doha QAT"]
[Date "2025.12.29"]
[Round "9.98"]
[White "Al Hosani, Omran"]
[Black "Yilmaz, Mustafa"]
[Result "1-0"]
[WhiteTitle "IM"]
[BlackTitle "GM"]
[WhiteElo "2340"]
[BlackElo "2595"]
[WhiteFideId "9308733"]
[BlackFideId "6302718"]
[EventDate "2025.12.29"]

1. d3 Nf6 2. Nd2 g6 3. Ngf3 Bg7 4. e4 c5 5. g3 Nc6 6. Bg2 O-O 7. O-O d5 8. exd5
Nxd5 9. Re1 e5 10. Nc4 Re8 11. a4 b6 12. Ng5 Bb7 13. Ne4 Re6 14. a5 Rb8 15. axb6
axb6 16. c3 h6 17. Qb3 Nce7 18. Ra7 Qc7 19. Ncd6 Rxd6 20. Nxd6 Qxd6 21. c4 Nc6
22. Rxb7 Rxb7 23. Bxd5 Rb8 24. Be3 Nb4 25. Ra1 Rd8 26. Ra7 Nxd5 27. cxd5 Qxd5
28. Qxb6 Qxd3 29. Bxc5 Qb1+ 30. Kg2 Qe4+ 31. f3 Qe2+ 32. Kh3 Rd3 33. Qb7 Rxf3
34. Ra8+ Kh7 35. Qa6 Qxa6 36. Rxa6 Rb3 37. Ra7 Kg8 38. Ra8+ Kh7 39. Ra7 Rf3 40.
b4 e4 41. Re7 1-0

[Event "World Blitz 2025"]
[Site "Doha QAT"]
[Date "2025.12.29"]
[Round "9.99"]
[White "Rami, Talab"]
[Black "Puranik, Abhimanyu"]
[Result "0-1"]
[BlackTitle "GM"]
[WhiteElo "2173"]
[BlackElo "2622"]
[WhiteFideId "7609787"]
[BlackFideId "5061245"]
[EventDate "2025.12.29"]

1. d4 Nf6 2. Nf3 e6 3. g3 d5 4. Bg2 Be7 5. O-O O-O 6. c4 dxc4 7. Ne5 c5 8. dxc5
Qc7 9. Nxc4 Rd8 10. Nbd2 Qxc5 11. b3 Nc6 12. Ba3 Qh5 13. Bxe7 Nxe7 14. e4 Qh6
15. Qe2 Nc6 16. Nf3 b5 17. Nce5 Nxe5 18. Nxe5 Bb7 19. Rfd1 a6 20. Rxd8+ Rxd8 21.
Rd1 Rc8 22. f4 g6 23. Qe3 Qf8 24. Rc1 Rxc1+ 25. Qxc1 Bxe4 26. Ng4 Nxg4 27. Bxe4
Qb4 28. Bf3 Qd4+ 29. Kh1 Ne3 30. a4 b4 31. a5 Qc3 32. Qb1 Qc5 33. Qe1 Nf5 34.
Qd1 Qxa5 35. g4 Ne3 36. Qc1 Nd5 37. f5 exf5 38. gxf5 Nf6 39. fxg6 hxg6 40. Qc6
Kg7 41. h4 Qa1+ 42. Kg2 Qb2+ 43. Kh3 Qxb3 44. h5 Nxh5 45. Kh4 Nf6 46. Kg3 a5 47.
Kf4 a4 48. Be4 a3 49. Bc2 Qc3 50. Qa4 Nd5+ 0-1

[Event "World Blitz 2025"]
[Site "Doha QAT"]
[Date "2025.12.29"]
[Round "9.100"]
[White "Averin, Nikolay"]
[Black "Aravindh, Chithambaram VR."]
[Result "0-1"]
[WhiteTitle "FM"]
[BlackTitle "GM"]
[WhiteElo "2389"]
[BlackElo "2703"]
[WhiteFideId "24250473"]
[BlackFideId "5072786"]
[EventDate "2025.12.29"]

1. a3 Nf6 2. Nf3 g6 3. d4 Bg7 4. c4 O-O 5. e3 d6 6. Be2 Nbd7 7. b4 e5 8. O-O Re8
9. Nc3 e4 10. Nd2 Nf8 11. a4 h5 12. Ba3 h4 13. h3 N8h7 14. Qc2 Ng5 15. Rfc1 Bf5
16. Qd1 Qd7 17. b5 c6 18. a5 a6 19. Na4 Qe6 20. Nb6 Rad8 21. bxa6 bxa6 22. c5 d5
23. Bxa6 Re7 24. Be2 Ra7 25. a6 Nxh3+ 26. gxh3 Bxh3 27. Kh1 Qf5 28. Qg1 g5 29.
Bb4 Kh7 30. Qh2 Ng4 31. Bxg4 Bxg4 32. Rg1 Bh5 33. Qg2 Rg8 34. Raf1 g4 35. Qh2
Bf6 36. Qf4 Qxf4 37. exf4 Bxd4 38. Nb3 Bf6 39. Na5 Rxa6 40. Nxc6 g3 41. fxg3
hxg3 42. Ne5 Bxe5 43. fxe5 Bf3+ 44. Rg2 Ra2 0-1

[Event "World Blitz 2025"]
[Site "Doha QAT"]
[Date "2025.12.29"]
[Round "9.101"]
[White "Le, Tuan Minh"]
[Black "Murshed, Niaz"]
[Result "0-1"]
[WhiteTitle "GM"]
[BlackTitle "GM"]
[WhiteElo "2598"]
[BlackElo "2341"]
[WhiteFideId "12401153"]
[BlackFideId "10200010"]
[EventDate "2025.12.29"]

1. d4 Nf6 2. Nf3 e6 3. Bf4 d5 4. e3 Bd6 5. Nbd2 O-O 6. Bd3 b6 7. Qe2 a5 8. O-O
Ba6 9. Bxa6 Nxa6 10. Bg5 c5 11. Ne5 Qc7 12. f4 Ne4 13. Bh4 cxd4 14. Nxe4 dxe4
15. exd4 f6 16. Ng4 f5 17. Ne5 Bxe5 18. dxe5 Nb4 19. Bf2 Qxc2 20. Rfe1 Qxe2 21.
Rxe2 Rab8 22. Rc1 Rfc8 23. Rxc8+ Rxc8 24. Bxb6 Rc1+ 25. Kf2 Nd5 26. Be3 Rb1 27.
g3 a4 28. Bd4 Rc1 29. b3 axb3 30. axb3 Rb1 31. Rb2 Rxb2+ 32. Bxb2 Kf7 33. Ke2
Ke8 34. Ba3 Kd7 35. Kd2 Kc6 36. Bf8 g6 37. Kc2 Ne3+ 38. Kd2 Nf1+ 39. Kc3 Nxh2
40. Kc4 Nf1 41. b4 Nxg3 42. b5+ Kb7 43. Bb4 h6 44. Kc5 g5 45. Bd2 g4 46. Kd6 Nf1
47. Be1 g3 48. Kxe6 g2 49. Bf2 e3 0-1

[Event "World Blitz 2025"]
[Site "Doha QAT"]
[Date "2025.12.29"]
[Round "9.102"]
[White "Vakhidov, Jakhongir"]
[Black "Grafl, Florian"]
[Result "1-0"]
[WhiteTitle "GM"]
[BlackTitle "IM"]
[WhiteElo "2516"]
[BlackElo "2343"]
[WhiteFideId "14201801"]
[BlackFideId "4645715"]
[EventDate "2025.12.29"]

1. c4 b6 2. Nc3 Bb7 3. d4 e6 4. e4 Bb4 5. f3 f5 6. exf5 Nh6 7. fxe6 Nf5 8. Bf4
O-O 9. Ne2 dxe6 10. Qd2 Qh4+ 11. g3 Qf6 12. Bg2 Bxc3 13. Qxc3 Nc6 14. O-O-O Rad8
15. d5 exd5 16. cxd5 Nce7 17. Qxf6 Rxf6 18. Nc3 Nxd5 19. Bg5 Rdd6 20. Bxf6 Nxf6
21. Rxd6 cxd6 22. Re1 Kf7 23. Bh3 Nd4 24. f4 d5 25. Bg2 Ne6 26. Rd1 Nc7 27. a3
a6 28. h3 b5 29. g4 h6 30. g5 hxg5 31. fxg5 Nh5 32. Nxd5 Ne6 33. Rf1+ Ke8 34.
Nc7+ Nxc7 35. Bxb7 Ke7 36. Kb1 Ng3 37. Rf3 Nh5 38. h4 Ke6 39. Be4 Ne8 40. Bg6 1-0

[Event "World Blitz 2025"]
[Site "Doha QAT"]
[Date "2025.12.29"]
[Round "9.103"]
[White "Piliposyan, Robert"]
[Black "Zhang, Zhong"]
[Result "1-0"]
[WhiteTitle "IM"]
[BlackTitle "GM"]
[WhiteElo "2442"]
[BlackElo "2561"]
[WhiteFideId "13309978"]
[BlackFideId "8600694"]
[EventDate "2025.12.29"]

1. d4 Nf6 2. c4 e6 3. Nf3 d5 4. Nc3 Be7 5. Bf4 O-O 6. e3 b6 7. cxd5 Nxd5 8. Nxd5
Qxd5 9. a3 c5 10. dxc5 Qxc5 11. Rc1 Qa5+ 12. Qd2 Qxd2+ 13. Nxd2 Bf6 14. Rc2 Bb7
15. Bd3 Bxg2 16. Rg1 Bb7 17. Ne4 Nd7 18. Rc7 Bxe4 19. Bxe4 Rad8 20. b4 Ne5 21.
Ke2 a5 22. bxa5 bxa5 23. Rc5 Ng6 24. Bc7 Be7 25. Rxa5 Rc8 26. Bg3 Rc3 27. a4 Ra3
28. Rb1 f5 29. Bc6 f4 30. exf4 Nxf4+ 31. Kf1 Nd3 32. Bd7 Bc5 33. Bxe6+ Kh8 34.
Rb8 Rxb8 35. Bxb8 1-0

[Event "World Blitz 2025"]
[Site "Doha QAT"]
[Date "2025.12.29"]
[Round "9.104"]
[White "Sklokin, Sergey"]
[Black "Volokitin, Andrei"]
[Result "0-1"]
[WhiteTitle "FM"]
[BlackTitle "GM"]
[WhiteElo "2407"]
[BlackElo "2619"]
[WhiteFideId "55730230"]
[BlackFideId "14107090"]
[EventDate "2025.12.29"]

1. e4 c5 2. Nf3 d6 3. d4 cxd4 4. Nxd4 Nf6 5. Nc3 a6 6. Bc4 e6 7. Be3 b5 8. Bb3
Be7 9. a3 O-O 10. f3 Bb7 11. Qe2 Nbd7 12. O-O-O Nc5 13. g4 Qa5 14. h4 b4 15.
axb4 Qxb4 16. h5 a5 17. g5 Nfd7 18. Qb5 Rfb8 19. g6 Ne5 20. gxf7+ Kxf7 21. f4
Nxb3+ 22. cxb3 Qxb5 23. Ndxb5 Ng4 24. Ba7 Rc8 25. Kb1 Rxc3 26. bxc3 Bxe4+ 27.
Kb2 Bc6 28. Nxd6+ Bxd6 29. Rhg1 Be7 30. Bd4 Nf6 31. h6 gxh6 32. Rg3 h5 33. Rdg1
Ng4 34. Rh3 Kg6 35. Ra1 Bd6 36. Bb6 Bxf4 37. Rxa5 Rxa5 38. Bxa5 Bg2 39. Rd3 h4
40. Bb6 h3 41. Bg1 h2 42. Bxh2 Bxh2 43. b4 h5 44. b5 h4 45. c4 h3 46. c5 Be5+ 0-1

[Event "World Blitz 2025"]
[Site "Doha QAT"]
[Date "2025.12.29"]
[Round "9.105"]
[White "Can, Emre"]
[Black "Cunha, Lucas Aguiar"]
[Result "1-0"]
[WhiteTitle "GM"]
[BlackTitle "FM"]
[WhiteElo "2541"]
[BlackElo "2263"]
[WhiteFideId "6302181"]
[BlackFideId "2125404"]
[EventDate "2025.12.29"]

1. e4 c5 2. Nf3 d6 3. Bb5+ Bd7 4. a4 a6 5. Bc4 Nc6 6. h3 Nf6 7. d3 e6 8. O-O Be7
9. Re1 d5 10. Ba2 dxe4 11. dxe4 O-O 12. e5 Nd5 13. c3 Bc8 14. Nbd2 Nf4 15. Bb1
g6 16. Qc2 Qc7 17. Qe4 Nd5 18. h4 f5 19. exf6 Nxf6 20. Qe2 Bd7 21. Nc4 Ng4 22.
Ne3 Nce5 23. Nxe5 Nxe5 24. h5 Bh4 25. Rf1 Bc6 26. Nc4 Nxc4 27. Qxc4 Qe7 28. hxg6
b5 29. Qg4 Bf6 30. axb5 Bxb5 31. Re1 e5 32. Bh6 Rfd8 33. Ba2+ c4 34. Bxc4+ Bxc4
35. Qxc4+ Kh8 36. g7+ Bxg7 37. Bxg7+ Qxg7 38. Qe4 Re8 39. Ra5 Rab8 40. b4 Rbc8
41. c4 Re7 42. Rxa6 Rg8 43. Ra8 Ree8 44. Rxe8 Rxe8 45. c5 Qf6 46. c6 Kg8 47. b5
Qd6 48. Qc4+ Kg7 49. c7 Rc8 50. Qg4+ 1-0

[Event "World Blitz 2025"]
[Site "Doha QAT"]
[Date "2025.12.29"]
[Round "9.106"]
[White "Grebnev, Aleksey"]
[Black "Assylov, Miras"]
[Result "1-0"]
[WhiteTitle "GM"]
[BlackTitle "FM"]
[WhiteElo "2632"]
[BlackElo "2393"]
[WhiteFideId "34189030"]
[BlackFideId "13728873"]
[EventDate "2025.12.29"]

1. Nf3 Nf6 2. b3 g6 3. Bb2 Bg7 4. g3 d6 5. d4 O-O 6. Bg2 b5 7. O-O Bb7 8. Qd3 a6
9. Nbd2 Nbd7 10. e4 e5 11. c3 Qe7 12. Rfe1 c5 13. d5 Rac8 14. Qc2 Nb6 15. c4 b4
16. a3 a5 17. Re2 Ra8 18. Ne1 Nh5 19. Bf3 Nf6 20. Nd3 Bc8 21. Bg2 Nh5 22. axb4
axb4 23. Rxa8 Nxa8 24. f4 Bg4 25. Re1 exf4 26. gxf4 Bxb2 27. Qxb2 f6 28. e5 Bf5
29. Ne4 Bxe4 30. Rxe4 fxe5 31. fxe5 Nc7 32. exd6 Qxd6 33. Qe5 Qd8 34. Nxc5 Nf6
35. Rf4 Nce8 36. Ne6 Qb6+ 37. c5 Qa6 38. Nxf8 1-0

[Event "World Blitz 2025"]
[Site "Doha QAT"]
[Date "2025.12.29"]
[Round "9.107"]
[White "Dudin, Gleb"]
[Black "George Samir, David"]
[Result "1-0"]
[WhiteTitle "GM"]
[BlackTitle "IM"]
[WhiteElo "2585"]
[BlackElo "2343"]
[WhiteFideId "34184934"]
[BlackFideId "10657789"]
[EventDate "2025.12.29"]

1. c4 e5 2. Nc3 Nf6 3. Nf3 e4 4. Ng5 c6 5. Qa4 Qe7 6. Qc2 d5 7. cxd5 Bf5 8. d6
Qxd6 9. Ngxe4 Nxe4 10. Nxe4 Qe6 11. f3 Nd7 12. e3 Be7 13. Bd3 Ne5 14. Nf6+ Qxf6
15. Bxf5 Qh4+ 16. Ke2 g6 17. Bh3 O-O 18. d4 Nxf3 19. Kxf3 f5 20. Bd2 g5 21. Ke2
g4 22. Raf1 gxh3 23. gxh3 Qh5+ 24. Kd3 Kh8 25. Qb3 f4 26. Qe6 Rae8 27. Rxf4 Rxf4
28. exf4 Bd8 29. Qg4 Qb5+ 30. Kc2 Qc4+ 31. Bc3 Bf6 32. Rd1 b5 33. Kb1 b4 34. Qd7
Rf8 35. Be1 b3 36. axb3 Qxb3 37. Qg4 Rg8 38. Qe2 c5 39. Bc3 cxd4 40. Be1 a5 41.
Rd3 Qb5 42. Qd2 Rg1 43. Rg3 Rxg3 44. hxg3 d3 45. g4 a4 46. g5 Bd4 47. Bf2 Bg7
48. f5 a3 49. f6 Bf8 50. Bd4 Kg8 51. Qe3 Qc4 52. Bc3 axb2 53. Kxb2 Ba3+ 54. Kxa3
Qxc3+ 55. Ka4 Qc4+ 56. Ka5 Qd5+ 57. Kb4 Qd6+ 58. Kc3 Qc6+ 1-0

[Event "World Blitz 2025"]
[Site "Doha QAT"]
[Date "2025.12.29"]
[Round "9.108"]
[White "Bai, Adelard"]
[Black "Kobalia, Mikhail"]
[Result "0-1"]
[WhiteTitle "IM"]
[BlackTitle "GM"]
[WhiteElo "2417"]
[BlackElo "2537"]
[WhiteFideId "16301188"]
[BlackFideId "4119150"]
[EventDate "2025.12.29"]

1. d4 d5 2. Nc3 Nf6 3. Bf4 c5 4. e4 dxe4 5. dxc5 Qa5 6. Qd4 Nc6 7. Bb5 Bf5 8.
Rd1 Rd8 9. Qxd8+ Qxd8 10. Rxd8+ Kxd8 11. Nge2 e6 12. Bxc6 bxc6 13. Nd4 Bxc5 14.
Nxc6+ Kc8 15. Na4 Bb6 16. Ne7+ Kb7 17. Nxf5 exf5 18. Nxb6 axb6 19. Ke2 Nd5 20.
Be5 f6 21. Rd1 Rd8 22. Bd4 Nf4+ 23. Kf1 Ne6 24. c3 Nxd4 25. cxd4 Rc8 26. Rd2
Rc1+ 27. Ke2 Kc6 28. d5+ Kd6 29. g3 g5 30. Ke3 Rc5 31. g4 fxg4 32. Kxe4 Rc4+ 33.
Ke3 f5 34. Rd3 Rc5 35. Rb3 b5 36. a3 Rxd5 37. Rd3 Rxd3+ 38. Kxd3 Kd5 39. b3 h5
40. Ke3 f4+ 41. Kd3 h4 42. a4 bxa4 43. bxa4 g3 44. fxg3 fxg3 45. hxg3 h3 0-1

[Event "World Blitz 2025"]
[Site "Doha QAT"]
[Date "2025.12.29"]
[Round "9.77"]
[White "Altini, Nicola"]
[Black "Droin, Augustin"]
[Result "0-1"]
[WhiteTitle "IM"]
[BlackTitle "IM"]
[WhiteElo "2360"]
[BlackElo "2480"]
[WhiteFideId "833924"]
[BlackFideId "45105987"]
[EventDate "2025.12.29"]

1. d4 d5 2. c4 e6 3. Nc3 Nf6 4. cxd5 exd5 5. Bg5 c6 6. e3 Bd6 7. Bd3 O-O 8. Nf3
Be6 9. O-O Nbd7 10. Rc1 h6 11. Bh4 Re8 12. Qc2 a5 13. Na4 Rc8 14. Bg3 Bf8 15.
Ne5 Nxe5 16. Bxe5 Nd7 17. Bg3 h5 18. f4 Nf6 19. f5 Bd7 20. Bf4 Ne4 21. Bxe4 Rxe4
22. Nc3 Re8 23. Be5 Qg5 24. f6 gxf6 25. Bxf6 Qg6 26. Be5 Bg7 27. Bxg7 Kxg7 28.
Qf2 Bg4 29. h3 Bxh3 30. Ne2 Bg4 31. Nf4 Qg5 32. b4 axb4 33. Rb1 Re7 34. Rxb4 Kh8
35. Rfb1 b5 36. a4 bxa4 37. Rxa4 Rce8 38. Ra3 h4 39. Kh2 Rg8 40. Rba1 Bf5 41.
Rc1 Bd7 42. Kg1 h3 43. Rca1 f6 44. Ra8 Rg7 45. Rxg8+ Rxg8 46. Ra7 Rg7 47. g3
Qxg3+ 48. Qxg3 Rxg3+ 49. Kh2 Rg7 50. Ra8+ Kh7 51. Nxh3 Re7 52. Ra7 Kg6 53. Nf4+
Kf5 54. Kg1 Rxe3 55. Ng2 Re7 56. Kf2 Ke4 57. Ne3 Rh7 58. Ra4 c5 59. dxc5+ Bxa4 0-1

[Event "World Blitz 2025"]
[Site "Doha QAT"]
[Date "2025.12.29"]
[Round "9.78"]
[White "Musovic, Armin"]
[Black "Samadov, Read"]
[Result "1-0"]
[WhiteTitle "FM"]
[BlackTitle "IM"]
[WhiteElo "2190"]
[BlackElo "2510"]
[WhiteFideId "939935"]
[BlackFideId "13417444"]
[EventDate "2025.12.29"]

1. a3 e5 2. d4 exd4 3. Qxd4 Nc6 4. Qa4 Nf6 5. Nc3 Be7 6. Bg5 O-O 7. O-O-O h6 8.
Bh4 d6 9. Nf3 Be6 10. e3 Nd7 11. Bxe7 Qxe7 12. Bb5 Nce5 13. Bxd7 Bxd7 14. Nd5
Qd8 15. Qf4 Ng6 16. Qg3 Re8 17. h4 Re4 18. h5 Ne5 19. Nxe5 Rxe5 20. f4 Re8 21.
Rd4 c6 22. Nc3 Qe7 23. e4 Rad8 24. Rhd1 Bc8 25. f5 d5 26. exd5 Bxf5 27. Qf4 Bh7
28. d6 Qe5 29. Qxe5 Rxe5 30. g4 f5 31. b4 fxg4 32. Rxg4 Rxh5 33. Na4 Rh2 34. Rc4
Kf7 35. Nc5 b6 36. Rf4+ Kg6 37. Ne4 Kh5 38. d7 Bxe4 39. Rxe4 g5 40. Re8 Rxd7 41.
Rxd7 g4 42. Rg8 Kh4 43. Rxa7 h5 44. Rag7 Kg3 45. a4 Rf2 46. a5 bxa5 47. bxa5 Rf5
48. a6 Ra5 49. a7 1-0

[Event "World Blitz 2025"]
[Site "Doha QAT"]
[Date "2025.12.29"]
[Round "9.79"]
[White "Muntean, Victor"]
[Black "Raja, Harshit"]
[Result "0-1"]
[BlackTitle "GM"]
[WhiteElo "2169"]
[BlackElo "2472"]
[WhiteFideId "1054414"]
[BlackFideId "5089000"]
[EventDate "2025.12.29"]

1. e4 c5 2. c3 Nf6 3. e5 Nd5 4. Nf3 Nc6 5. Na3 e6 6. g3 d6 7. Nc4 dxe5 8. Nfxe5
Nxe5 9. Nxe5 Bd6 10. Nc4 Be7 11. d4 cxd4 12. Qxd4 Bf6 13. Qd1 b5 14. Ne3 O-O 15.
Nxd5 exd5 16. Bxb5 Bh3 17. Be3 Rb8 18. Qe2 Qa5 19. a4 a6 20. b4 Bxc3+ 21. Bd2
Qxb4 22. Bc6 Bxd2+ 23. Qxd2 Qe4+ 0-1

[Event "World Blitz 2025"]
[Site "Doha QAT"]
[Date "2025.12.29"]
[Round "9.80"]
[White "Kuandykuly, Danis"]
[Black "Sankalp, Gupta"]
[Result "0-1"]
[WhiteTitle "FM"]
[BlackTitle "GM"]
[WhiteElo "2372"]
[BlackElo "2557"]
[WhiteFideId "13752260"]
[BlackFideId "5097010"]
[EventDate "2025.12.29"]

1. e4 e6 2. d4 d5 3. Nd2 c5 4. exd5 Qxd5 5. Ngf3 cxd4 6. Bc4 Qd7 7. O-O Nc6 8.
Nb3 a6 9. Nbxd4 Nxd4 10. Qxd4 Qxd4 11. Nxd4 b5 12. Be2 Bb7 13. c4 bxc4 14. Bxc4
Nf6 15. Bf4 Be7 16. Rac1 Nd5 17. Bg3 O-O 18. Rfe1 Bf6 19. Rcd1 Rac8 20. Bb3 Rfd8
21. a3 h5 22. h4 g6 23. Re2 Kg7 24. Red2 Ba8 25. Ba2 Kf8 26. Kf1 Ke8 27. Bb3 Nb6
28. Ne2 Bd5 29. Bxd5 Nxd5 30. Nf4 Nxf4 31. Rxd8+ Rxd8 32. Rxd8+ Kxd8 33. Bxf4
Bxb2 34. a4 Kd7 35. Ke2 Kc6 36. Kd3 Kd5 37. Bd2 Bd4 38. Be1 e5 39. f3 f5 40. Bb4
e4+ 41. fxe4+ fxe4+ 42. Ke2 Kc4 43. Be1 Kb3 44. a5 Kc4 45. Bd2 Kb5 46. Be1 Bc5
47. Bc3 Kc4 48. Bf6 Kd5 49. Bg5 Bd4 50. Bd8 Ke6 51. Bg5 Kf5 52. Bd2 Kg4 53. Bg5
Bc5 54. Bd8 Kg3 55. Kf1 Bb4 56. Kg1 e3 57. Kf1 e2+ 58. Kxe2 Kxg2 59. Kd3 Kh3 60.
Kc4 Be1 61. Kc5 Bxh4 62. Bxh4 Kxh4 63. Kb6 g5 64. Kxa6 g4 65. Kb5 g3 66. a6 g2
67. a7 g1=Q 68. a8=Q Qf1+ 69. Kc5 Qf5+ 70. Kd4 Kg3 71. Qa3+ Qf3 72. Qe7 h4 73.
Kc5 h3 74. Qg5+ Kf2 75. Qd2+ Qe2 76. Qf4+ Kg2 77. Qg5+ Kf1 78. Qc1+ Qe1 79. Qc4+
Kg2 80. Qg4+ Qg3 81. Qe4+ Qf3 82. Qg6+ Kf2 83. Qc2+ Kg3 84. Qg6+ Qg4 85. Qd3+
Kg2 86. Qd2+ Kf1 87. Qc1+ Kf2 88. Qd2+ Kg3 89. Qe3+ Qf3 90. Qg5+ Kh2 91. Qd2+
Kh1 92. Qc1+ Kg2 93. Qg5+ Kf2 94. Qd2+ Qe2 95. Qf4+ Kg1 96. Qg3+ Qg2 97. Qe1+
Kh2 98. Qe5+ Kh1 99. Kd6 Qd2+ 100. Ke7 h2 101. Qe4+ Kg1 102. Qg4+ Kf1 103. Qf3+
Qf2 104. Qh1+ Ke2 105. Qa1 Qe3+ 106. Kd7 Qd3+ 107. Kc8 Qc4+ 108. Kb8 Qb5+ 109.
Kc7 Qc5+ 110. Kb8 Qb6+ 111. Ka8 Qc6+ 112. Kb8 h1=Q 113. Qb2+ Ke3 114. Qb3+ Kf4
115. Qf7+ Kg4 116. Qg7+ Kf5 117. Qf8+ Qf6 118. Qc8+ Kg6 119. Qg4+ Kh6 0-1

[Event "World Blitz 2025"]
[Site "Doha QAT"]
[Date "2025.12.29"]
[Round "9.81"]
[White "Krallis, Christos"]
[Black "Sindarov, Islombek"]
[Result "1-0"]
[WhiteTitle "IM"]
[BlackTitle "CM"]
[WhiteElo "2416"]
[BlackElo "2129"]
[WhiteFideId "4298896"]
[BlackFideId "14205475"]
[EventDate "2025.12.29"]

1. d4 Nf6 2. c4 g6 3. g3 Bg7 4. Bg2 O-O 5. Nc3 d6 6. Nf3 Nbd7 7. O-O e5 8. Qc2
c6 9. Rd1 Qc7 10. e4 Re8 11. h3 Nf8 12. Be3 b5 13. cxb5 cxb5 14. Rac1 Qb8 15.
Bg5 Ne6 16. Bxf6 Bxf6 17. Nd5 Bg7 18. dxe5 dxe5 19. Qc6 Bb7 20. Qxb5 Bxd5 21.
Qxb8 Raxb8 22. exd5 Nd4 23. Nxd4 exd4 24. Rc2 Rec8 25. Rc6 Rd8 26. b3 Rb7 27.
Kf1 Re7 28. Re1 Rxe1+ 29. Kxe1 Rd7 30. Kd2 Kf8 31. Kd3 Ke7 32. b4 Be5 33. a4 Bd6
34. b5 Be5 35. a5 Rb7 36. Kc4 Kd7 37. d6 d3 38. Rc5 d2 39. Bc6+ Ke6 40. Rd5 Rb8
41. d7 a6 42. b6 Rd8 43. Rxd2 f5 44. Kc5 Bc3 45. Re2+ Kf6 46. Re8 1-0

[Event "World Blitz 2025"]
[Site "Doha QAT"]
[Date "2025.12.29"]
[Round "9.82"]
[White "Damaj, Mohammed"]
[Black "Balakrishnan, Praveen"]
[Result "0-1"]
[WhiteTitle "CM"]
[BlackTitle "GM"]
[WhiteElo "2119"]
[BlackElo "2507"]
[WhiteFideId "11501731"]
[BlackFideId "2064871"]
[EventDate "2025.12.29"]

1. d4 Nf6 2. Nc3 d5 3. Bf4 e6 4. Nb5 Na6 5. e3 Be7 6. Nf3 O-O 7. h3 c6 8. Nc3
Qb6 9. Rb1 c5 10. Be2 Bd7 11. O-O Rfd8 12. Ne5 Be8 13. a3 Rac8 14. Re1 Nb8 15.
Qd2 Qa5 16. dxc5 Qxc5 17. Bf3 Nc6 18. Nxc6 Qxc6 19. Rec1 Qb6 20. Ne2 h6 21. Ng3
Bd6 22. Bxd6 Rxd6 23. Qb4 Qc7 24. Ne2 Rc6 25. c3 e5 26. Ng3 Rb6 27. Qh4 Bd7 28.
Nf1 Bf5 29. Ra1 Rxb2 30. Qa4 a6 31. Ng3 Bd7 32. Qd1 Be6 33. Rab1 Rxb1 34. Rxb1
Qxc3 35. Rxb7 Qxa3 36. Kh2 Qa2 37. Qb1 Qxb1 38. Rxb1 a5 39. Ra1 Ra8 40. Ne2 e4
41. Bg4 Bxg4 42. hxg4 Nxg4+ 43. Kg3 Ne5 44. Nc3 Nd3 45. Nxd5 a4 46. Nc3 a3 47.
Nxe4 a2 48. Nc3 Nb4 49. Kf3 Ra3 50. Nxa2 Rxa2 51. Rb1 Nd3 52. Rb8+ Kh7 0-1

[Event "World Blitz 2025"]
[Site "Doha QAT"]
[Date "2025.12.29"]
[Round "9.83"]
[White "Petrov, Nikita"]
[Black "Davtyan, Artur"]
[Result "0-1"]
[WhiteTitle "GM"]
[BlackTitle "IM"]
[WhiteElo "2578"]
[BlackElo "2474"]
[WhiteFideId "4101286"]
[BlackFideId "13308327"]
[EventDate "2025.12.29"]

1. d4 Nf6 2. Bg5 b6 3. Bxf6 exf6 4. Nf3 Bb7 5. g3 g6 6. Bg2 Bg7 7. O-O O-O 8. c4
f5 9. Nc3 Re8 10. e3 c5 11. dxc5 bxc5 12. Qd2 Qa5 13. Rac1 Bc6 14. Rfd1 Na6 15.
Ne1 Rab8 16. b3 Nb4 17. Nd3 Nxd3 18. Qxd3 Bxc3 19. Qxc3 Qxa2 20. Rd3 Be4 21. Ra1
Qxa1+ 22. Qxa1 Bxd3 23. Qxa7 Rxb3 24. Bd5 Be4 25. Bxe4 Rxe4 26. Qxc5 Rb2 27.
Qc8+ Kg7 28. c5 Rd2 29. c6 dxc6 30. Qxc6 Rd8 31. Qc3+ Kg8 32. Qf6 Ree8 33. h4 h5
34. Kg2 Rd2 35. Qc3 Re2 36. Qd3 R8xe3 37. Qd8+ Re8 38. Qd4 Ra2 39. Kh3 Rae2 40.
Kg2 Ra2 41. Kh3 Re4 42. Qc5 Rae2 43. Qc8+ Re8 44. Qc5 R8e5 45. Qc8+ Kg7 46. Qc3
Kg8 47. Qc8+ Re8 48. Qc5 Ra8 49. Qd4 Rc8 50. Qb6 Rcc2 51. Qd8+ Kg7 52. Qd4+ Kf8
53. Qd8+ Re8 54. Qf6 Kg8 55. Qd4 Rce2 56. Kg2 R2e4 57. Qd6 R4e7 58. Qd4 Rc7 59.
Qd6 Rc2 60. Qd4 Ree2 61. Qd8+ 0-1

[Event "World Blitz 2025"]
[Site "Doha QAT"]
[Date "2025.12.29"]
[Round "9.84"]
[White "Warmerdam, Max"]
[Black "Medhus, Vitus Bondo"]
[Result "1-0"]
[WhiteTitle "GM"]
[BlackTitle "FM"]
[WhiteElo "2573"]
[BlackElo "2387"]
[WhiteFideId "1048104"]
[BlackFideId "1462547"]
[EventDate "2025.12.29"]

1. Nf3 c5 2. c4 Nc6 3. Nc3 d6 4. d4 cxd4 5. Nxd4 Nf6 6. e4 g6 7. Be2 Nxd4 8.
Qxd4 Bg7 9. O-O O-O 10. Qe3 Be6 11. Bd2 a6 12. Rfd1 Rc8 13. b3 Ng4 14. Bxg4 Bxg4
15. f3 Be6 16. Rac1 Qd7 17. Na4 Qc7 18. Nb6 Rcd8 19. b4 h5 20. a4 Kh7 21. a5 Qc6
22. Kh1 h4 23. h3 f5 24. exf5 Bxf5 25. Qxe7 Kg8 26. Qxh4 Rde8 27. Bc3 Bxc3 28.
Rxc3 Rf7 29. Nd5 Re2 30. Re1 Qe8 31. Re3 Rxe1+ 32. Qxe1 Qc6 33. Ne7+ Rxe7 34.
Rxe7 Qxc4 35. Qa1 1-0

[Event "World Blitz 2025"]
[Site "Doha QAT"]
[Date "2025.12.29"]
[Round "9.109"]
[White "Ezat, Mohamed"]
[Black "Henriquez Villagra, Cristobal"]
[Result "1/2-1/2"]
[WhiteTitle "IM"]
[BlackTitle "GM"]
[WhiteElo "2294"]
[BlackElo "2598"]
[WhiteFideId "10600906"]
[BlackFideId "3409350"]
[EventDate "2025.12.29"]

1. d4 Nf6 2. c4 g6 3. Nc3 Bg7 4. e4 d6 5. Be2 Na6 6. Bg5 O-O 7. Qd2 Qe8 8. h3 e5
9. d5 Nc5 10. Bf3 a5 11. Nge2 Bd7 12. O-O Kh8 13. b3 Ng8 14. Rab1 f5 15. Be3 b6
16. a3 Nf6 17. Bxc5 bxc5 18. b4 axb4 19. axb4 cxb4 20. Rxb4 Rf7 21. Nc1 Qf8 22.
Nd3 Bh6 23. Qe2 Re8 24. Rb7 Bc8 25. Rb8 Ba6 26. Rxe8 Qxe8 27. Nb4 Bc8 28. Ra1
Bd7 29. Nd3 Rf8 30. c5 fxe4 31. Nxe4 Nxe4 32. Bxe4 Qb8 33. Qc2 Kg7 34. Rb1 Qa7
35. Qc3 Kg8 36. Ra1 Qb8 37. Nb4 Qb5 38. Nd3 Rb8 39. Rf1 Qb3 40. Qxb3 Rxb3 41. c6
Bf5 42. Bxf5 gxf5 43. Rd1 e4 44. Ne1 Rb5 45. Nc2 Kf7 46. Ne3 Bxe3 47. fxe3 Kf6
48. Ra1 Rxd5 49. Ra7 Rd3 50. Kf2 Rd2+ 51. Kf1 Rc2 52. Rxc7 h5 53. h4 Ke6 54. g3
d5 55. Rh7 Rxc6 56. Rh6+ 1/2-1/2

[Event "World Blitz 2025"]
[Site "Doha QAT"]
[Date "2025.12.29"]
[Round "9.110"]
[White "Sharan, Rao"]
[Black "Saraci, Nderim"]
[Result "1-0"]
[WhiteTitle "IM"]
[BlackTitle "IM"]
[WhiteElo "2341"]
[BlackElo "2461"]
[WhiteFideId "5073464"]
[BlackFideId "6351921"]
[EventDate "2025.12.29"]

1. Nf3 d5 2. b3 c5 3. e3 a6 4. Bb2 Nc6 5. Be2 Nf6 6. O-O Bg4 7. d4 cxd4 8. Nxd4
Bxe2 9. Qxe2 e6 10. Nd2 Bc5 11. Nxc6 bxc6 12. c4 O-O 13. Rfd1 Qe7 14. Nf3 Rfc8
15. Rac1 a5 16. Bd4 Ba3 17. Rc2 h6 18. h3 Ne4 19. Nd2 Nxd2 20. Qxd2 a4 21. Qe2
axb3 22. axb3 Qb7 23. Rb1 Bf8 24. Be5 Ra6 25. b4 Rb6 26. Rcb2 dxc4 27. Qxc4 Rb5
28. Bd4 Rb8 29. Rc1 c5 30. Be5 Ra8 31. bxc5 Rxb2 32. c6 Qb5 33. Bxb2 Qxb2 34. c7
Rc8 35. Rd1 Qb7 36. Rd7 g5 37. Qc3 Qb6 38. Qf6 Qb1+ 39. Kh2 Qf5 40. Qd8 Qe5+ 41.
g3 Qf5 42. Rd2 Rxc7 43. Qxc7 1-0